000 00708nam a2200253Ia 4500
003 OSt
005 20220928105114.0
006 a|||||r|||| 00| 0
007 ta
008 220927b |||||||| |||| 00| 0 hin d
020 _c550
024 _a127923
037 _b402, 31/12/2015, Kiran Book Service
_cTextual
040 _aSDCL
_cSDCL
_bhin
041 _2hin
_ahin
082 _aO157,3N12, Q4
100 _aMitra Bimal
_9401527
245 0 _aPar-stree
260 _aNew Delhi
_bRajkamal Publications
_c2014
300 _a332p
_ccm.
650 _aHindi
_9391598
942 _hO157,3N12, Q4
_cTEXL
_2CC
999 _c729617
_d729617